[Event "Politiken Cup 33rd"]
[Site "Helsingor"]
[Date "2011.07.31"]
[Round "3"]
[White "Pedersen, Bent O"]
[Black "Nielsen, Poul Erik1111"]
[Result "0-1"]
[WhiteElo "1860"]
[BlackElo "2083"]
[PlyCount "96"]
[EventDate "2011.07.30"]
[EventType "swiss"]
[EventRounds "10"]
[EventCountry "DEN"]
[SourceTitle "CBM 143 Extra"]
[Source "ChessBase"]
[SourceDate "2011.08.29"]
[SourceVersion "1"]
[SourceVersionDate "2011.08.29"]
[SourceQuality "1"]

1. e4 g6 2. d4 Bg7 3. Nf3 d6 4. c4 Nd7 5. Nc3 e5 6. d5 Ne7 7. Bd3 Nc5 8. b4 Nxd3+ 9. Qxd3 f5 10. 0-0 0-0 11. Rb1 Kh8 12. Nd2 fxe4 13. Ndxe4 Nf5 14. Ne2 Bd7 15. Bb2 a6 16. f4 Qe7 17. fxe5 Bxe5 18. Bxe5+ Qxe5 19. Qc3 Qxc3 20. N2xc3 Ne3 21. Rxf8+ Rxf8 22. Nd2 Kg7 23. Re1 Nc2 24. Re7+ Rf7 25. Rxf7+ Kxf7 26. b5 axb5 27. cxb5 Na3 28. Kf2 Bxb5 29. Nxb5 Nxb5 30. Ne4 h6 31. Ke3 Ke7 32. Kd3 Na7 33. a4 c6 34. Kc4 Nc8 35. a5 Kd7 36. Nf6+ Kc7 37. Ng8 h5 38. Nf6 Ne7 39. Ne8+ Kd7 40. Nf6+ Kd8 41. Kd4 Nxd5 42. Nxd5 cxd5 43. Kxd5 Kd7 44. h4 Ke7 45. Kc4 Ke6 46. Kb5 Kd7 47. Kb6 Kc8 48. g3 Kb8 0-1

[Event "Rodovre-ch A"]
[Site "Rodovre"]
[Date "2007.09.18"]
[Round "3"]
[White "Andersen, Daniel"]
[Black "Pedersen, Bent O"]
[Result "0-1"]
[WhiteElo "1949"]
[BlackElo "1706"]
[PlyCount "60"]
[EventDate "2007.09.04"]
[EventType "tourn"]
[EventRounds "7"]
[EventCountry "DEN"]
[SourceTitle "EXT 2023"]
[Source "ChessBase"]
[SourceDate "2022.10.05"]
[SourceVersion "1"]
[SourceVersionDate "2022.10.05"]
[SourceQuality "1"]

1. c4 Nf6 2. Nc3 g6 3. e4 d6 4. d4 Bg7 5. f3 0-0 6. Be3 Nbd7 7. Nge2 e5 8. d5 a6 9. g4 Nb6 10. Ng3 Nfd7 11. Qd2 Qe7 12. 0-0-0 Nc5 13. Rg1 f6 14. h4 Rf7 15. h5 g5 16. Nf5 Bxf5 17. exf5 h6 18. b4 Ncd7 19. Qf2 a5 20. a3 axb4 21. axb4 Rff8 22. c5 Na4 23. Ne4 Rfd8 24. Bc4 Kh8 25. Bb3 dxc5 26. Qc2 b5 27. bxc5 Bf8 28. Bxa4 Rxa4 29. Kb2 Rda8 30. Ra1 Rb4+ 0-1

[Event "Politiken Cup 25th"]
[Site "Copenhagen"]
[Date "2003.07.14"]
[Round "1"]
[White "Sasikiran, Krishnan"]
[Black "Pedersen, Bent O"]
[Result "1-0"]
[WhiteElo "2654"]
[BlackElo "2058"]
[PlyCount "53"]
[EventDate "2003.07.14"]
[EventType "swiss"]
[EventRounds "11"]
[EventCountry "DEN"]
[SourceTitle "CBM 095 Extra"]
[Source "ChessBase"]
[SourceDate "2003.09.04"]
[SourceVersion "1"]
[SourceVersionDate "2003.09.04"]
[SourceQuality "1"]

1. d4 Nf6 2. c4 g6 3. Nc3 d5 4. Nf3 Bg7 5. cxd5 Nxd5 6. e4 Nxc3 7. bxc3 0-0 8. Ba3 Bg4 9. Be2 Nd7 10. 0-0 c5 11. Qb3 cxd4 12. cxd4 Nb6 13. Rad1 Rc8 14. Bc5 Nd7 15. Bb4 Qb6 16. h3 Bxf3 17. Bxf3 Rfe8 18. e5 a5 19. Bd2 Qxb3 20. axb3 b6 21. Rc1 Red8 22. Be3 e6 23. Bc6 Rc7 24. Bb5 Ra7 25. Rc6 h6 26. Rfc1 g5 27. Rc8 1-0

[Event "Taastrup op"]
[Site "Taastrup"]
[Date "2000.02.11"]
[Round "8"]
[White "Pedersen, Bent O"]
[Black "Schmidt, Horst Hubert"]
[Result "1-0"]
[WhiteElo "1751"]
[BlackElo "1718"]
[PlyCount "63"]
[EventDate "2000.01.21"]
[EventType "swiss"]
[EventRounds "9"]
[EventCountry "DEN"]
[SourceTitle "EXT 2023"]
[Source "ChessBase"]
[SourceDate "2022.10.05"]
[SourceVersion "1"]
[SourceVersionDate "2022.10.05"]
[SourceQuality "1"]

1. e4 d6 2. d4 g6 3. f4 Bg7 4. Nf3 Nf6 5. Bd3 0-0 6. Nc3 Nc6 7. Be3 Ng4 8. Bg1 e5 9. d5 Nd4 10. h3 Nxf3+ 11. Qxf3 Qh4+ 12. g3 Qh6 13. hxg4 Bxg4 14. Rxh6 Bxf3 15. Rh2 exf4 16. gxf4 Rfe8 17. Kd2 g5 18. fxg5 Be5 19. Rh4 Bg3 20. Rh3 Bf4+ 21. Be3 Bg2 22. Rh6 Be5 23. Rg1 Bxc3+ 24. bxc3 Bxe4 25. Bxe4 Rxe4 26. Rgh1 Rae8 27. Bd4 Rg4 28. Rxh7 Rg2+ 29. Kd3 Rg3+ 30. Kc4 f5 31. Rg7+ Kf8 32. Rh8# 1-0

[Event "Taastrup op"]
[Site "Taastrup"]
[Date "2000.01.23"]
[Round "3"]
[White "Jensen, Dan Bronnum"]
[Black "Pedersen, Bent O"]
[Result "1-0"]
[WhiteElo "1487"]
[BlackElo "1751"]
[PlyCount "105"]
[EventDate "2000.01.21"]
[EventType "swiss"]
[EventRounds "9"]
[EventCountry "DEN"]
[SourceTitle "EXT 2001"]
[Source "ChessBase"]
[SourceDate "2000.11.22"]
[SourceVersion "1"]
[SourceVersionDate "2000.11.22"]
[SourceQuality "1"]

1. c4 f5 2. Nc3 Nf6 3. Nf3 e6 4. g3 c6 5. Bg2 d5 6. cxd5 exd5 7. d4 Bd6 8. 0-0 Nbd7 9. a3 0-0 10. b4 a6 11. Rb1 Qe8 12. Qc2 Nh5 13. e3 Ndf6 14. Ne1 Ng4 15. h3 Ngf6 16. Nf3 Kh8 17. a4 Bd7 18. Rd1 Rg8 19. Bf1 Rc8 20. Nh4 Ne4 21. Nxe4 fxe4 22. Kh2 g5 23. Ng2 Qe6 24. Ne1 Rcf8 25. Qe2 Qf7 26. Rd2 g4 27. h4 Qe7 28. Kg2 Rf3 29. Qd1 Rf6 30. b5 cxb5 31. axb5 Rgf8 32. bxa6 bxa6 33. Rb6 a5 34. Bb5 Bb4 35. Rxf6 Rxf6 36. Bxd7 Qxd7 37. Rc2 Ng7 38. Bd2 h5 39. Bxb4 axb4 40. Rb2 Rb6 41. Qb1 Qb7 42. Rb3 Nf5 43. Nc2 Kg7 44. Kf1 Ne7 45. Rxb4 Rxb4 46. Qxb4 Qxb4 47. Nxb4 Kf6 48. Ke1 Ke6 49. Kd2 Kd6 50. Kc3 Nc6 51. Na6 Na5 52. Nc5 Nc4 53. Nxe4+ 1-0